Property rate rise blow for UK businesses (Record no. 62139)

MARC details
000 -LEADER
fixed length control field 00804cam a2200205 4500
001 - CONTROL NUMBER
control field WB3601-43
008 - FIXED-LENGTH DATA ELEMENTS--GENERAL INFORMATION
fixed length control field 000000n 000 0 eng u
035 ## - SYSTEM CONTROL NUMBER
System control number (Sirsi) u103410
245 ## - TITLE STATEMENT
Title Property rate rise blow for UK businesses
260 ## - PUBLICATION, DISTRIBUTION, ETC.
-- 000
490 ## - SERIES STATEMENT
Series statement Times
Volume/sequential designation 5 January 2000, 25(1)
520 ## - SUMMARY, ETC.
Summary, etc. The draft 2000 rating list has been published, and contains the expected sharp rises, especially in London and the south east. Business rates generate £13bn a year, which the government claims will not increase, as increases in prosperous areas will be balanced by lower charges elsewhere.
590 ## - LOCAL NOTE (RLIN)
Local note WB
650 ## - SUBJECT ADDED ENTRY--TOPICAL TERM
Topical term or geographic name entry element BUSINESS RATES
650 ## - SUBJECT ADDED ENTRY--TOPICAL TERM
Topical term or geographic name entry element NON-DOMESTIC RATING
650 ## - SUBJECT ADDED ENTRY--TOPICAL TERM
Topical term or geographic name entry element RATING REVALUATION
650 ## - SUBJECT ADDED ENTRY--TOPICAL TERM
Topical term or geographic name entry element RATING REVALUATION 2000
690 ## - LOCAL SUBJECT ADDED ENTRY--TOPICAL TERM (OCLC, RLIN)
Topical term or geographic name as entry element RATING AND VALUATION
942 ## - ADDED ENTRY ELEMENTS (KOHA)
Suppress in OPAC 0
Holdings
Withdrawn status Lost status Source of classification or shelving scheme Damaged status Not for loan Home library Current library Shelving location Date acquired Total Checkouts Full call number Barcode Date last seen Copy number Price effective from Koha item type
    Dewey Decimal Classification     London London News article 05/01/2000   WB3601-43 103410-1001 06/08/2019 1 06/08/2019 News article